[Event "3th Serbian Open 2023"]
[Site "Hotel Metropol, Serbia"]
[Date "2023.07.16"]
[Round "1.26"]
[White "Mamatov, Melis"]
[Black "Antova, Gabriela"]
[Result "1-0"]
[WhiteElo "2403"]
[BlackElo "2240"]
[PlyCount "75"]
[EventDate "2023.??.??"]

1. e4 e5 2. Nf3 Nc6 3. Bc4 Nf6 4. d3 h6 5. c3 d6 6. O-O g5 7. Bb3 Bg7 8. Nbd2 O-O 9. Nc4 a5 10. Ne3 Ne7 11. Bc2 Re8 12. d4 Ng6 13. dxe5 dxe5 14. Nf5 Qxd1 15. Rxd1 Bxf5 16. exf5 Nf4 17. Kf1 e4 18. Nd4 Bf8 19. Be3 Re5 20. h3 c5 21. Nb5 Ra6 22. g3 Nxh3 23. Kg2 g4 24. Rd8 Rxf5 25. Rad1 Kg7 26. Nc7 Rb6 27. b3 Be7 28. Ne8+ Nxe8 29. Rxe8 Re6 30. Rd7 Rfe5 31. Rxb7 Bg5 32. Rxe6 Rxe6 33. Bxc5 e3 34. Bd4+ Kf8 35. fxe3 Bxe3 36. Bf5 Re8 37. Bd7 Re4 38. Rb8+ 1-0

[Event "3th Serbian Open 2023"]
[Site "Hotel Metropol, Serbia"]
[Date "2023.07.16"]
[Round "1.27"]
[White "Ince, Taylan Ruzgar"]
[Black "Tadic, Stefan"]
[Result "0-1"]
[WhiteElo "2240"]
[BlackElo "2402"]
[PlyCount "68"]
[EventDate "2023.??.??"]

1. d4 Nf6 2. c4 c5 3. d5 b5 4. Nd2 d6 5. e4 g6 6. cxb5 a6 7. b6 Qxb6 8. Ngf3 Bg7 9. Bd3 O-O 10. O-O a5 11. Nc4 Qa7 12. Qc2 Na6 13. a3 Nc7 14. Bd2 a4 15. b4 axb3 16. Qxb3 Bd7 17. Na5 Rfb8 18. Qc2 Nfxd5 19. exd5 Rb2 20. Qxb2 Bxb2 21. Rab1 Rb8 22. Nc4 Bf6 23. Rxb8+ Qxb8 24. Rb1 Qa8 25. Nb6 Qxa3 26. Nxd7 Qxd3 27. Re1 Kg7 28. h4 h5 29. Nxf6 exf6 30. Re7 Nxd5 31. Rd7 Qb1+ 32. Kh2 c4 33. g3 c3 34. Be1 Qf5 0-1

[Event "3th Serbian Open 2023"]
[Site "Hotel Metropol, Serbia"]
[Date "2023.07.16"]
[Round "1.28"]
[White "Bukal, Vladimir Jr."]
[Black "Zlatkov, Anton"]
[Result "1/2-1/2"]
[WhiteElo "2387"]
[BlackElo "2232"]
[PlyCount "109"]
[EventDate "2023.??.??"]

1. d4 Nf6 2. c4 e6 3. g3 Bb4+ 4. Bd2 Qe7 5. Bg2 O-O 6. Nf3 Bxd2+ 7. Qxd2 d6 8. O-O e5 9. Nc3 Nc6 10. Rac1 Bg4 11. d5 Nb8 12. Ne1 a5 13. h3 Bd7 14. e4 Na6 15. Nd3 c6 16. dxc6 bxc6 17. c5 Be6 18. Na4 Bxa2 19. Qc3 Nb4 20. cxd6 Qxd6 21. Nxe5 Be6 22. Rcd1 Qc7 23. Nc5 Rfd8 24. f4 Qb6 25. Kh2 Na2 26. Qa3 Nb4 27. Nxe6 fxe6 28. Qb3 c5 29. Rxd8+ Rxd8 30. Rd1 Rd4 31. Rxd4 cxd4 32. Qc4 h5 33. Qc8+ Kh7 34. g4 Qa6 35. Qxa6 Nxa6 36. g5 Ne8 37. Kg3 Nd6 38. Nd3 Nb4 39. Nc5 Nc4 40. b3 Ne3 41. Bf3 h4+ 42. Kf2 e5 43. f5 g6 44. f6 Nc6 45. Be2 Nd8 46. Nd7 Nf7 47. Nf8+ Kg8 48. Ne6 Nd6 49. Kf3 Nc2 50. Nc5 Ne3 51. Ba6 Nf7 52. Ne6 Nd6 53. Nc5 Nf7 54. Ne6 Nd6 55. Nc5 1/2-1/2

[Event "3th Serbian Open 2023"]
[Site "Hotel Metropol, Serbia"]
[Date "2023.07.16"]
[Round "1.29"]
[White "Argote Heredia, Valentina"]
[Black "Djordjevic, Vuk"]
[Result "0-1"]
[WhiteElo "2228"]
[BlackElo "2385"]
[PlyCount "118"]
[EventDate "2023.??.??"]

1. e4 e6 2. d4 d5 3. Bd3 dxe4 4. Bxe4 Nf6 5. Bf3 c5 6. Ne2 Nc6 7. Be3 Nd5 8. Bxd5 Qxd5 9. Nf4 Qf5 10. Ne2 Be7 11. Ng3 Qd5 12. dxc5 Qxg2 13. Nd2 e5 14. Qe2 f5 15. f4 Qxe2+ 16. Nxe2 Bh4+ 17. Bf2 Bf6 18. Nc4 O-O 19. O-O-O Be6 20. Nd6 Rab8 21. Kb1 g6 22. h4 Rfd8 23. h5 Rd7 24. hxg6 hxg6 25. Rdg1 Ne7 26. Bh4 Kg7 27. Bg5 Bxg5 28. Rxg5 Kf6 29. Rg3 b6 30. fxe5+ Kxe5 31. Re3+ Kf6 32. Nf4 Bg8 33. Rd1 Rbd8 34. Red3 g5 35. cxb6 gxf4 36. b7 Rb8 37. Ne8+ Rxe8 38. Rxd7 f3 39. b3 Rb8 40. c4 Be6 41. Rc7 f4 42. Rd2 Bf5+ 43. Kc1 Ke6 44. c5 Be4 45. Rd6+ Kf7 46. Kd1 Rxb7 47. Rxb7 Bxb7 48. b4 Bd5 49. Ke1 Bxa2 50. Ra6 Bc4 51. Rxa7 Ke6 52. Kf2 Bd5 53. b5 Nf5 54. Ra4 Ke5 55. c6 Ne3 56. c7 Nd1+ 57. Ke1 f2+ 58. Kf1 Be6 59. Ke2 Bg4+ 0-1

[Event "3th Serbian Open 2023"]
[Site "Hotel Metropol, Serbia"]
[Date "2023.07.16"]
[Round "1.30"]
[White "Manafov, Vugar"]
[Black "Sun, Fanghui"]
[Result "1-0"]
[WhiteElo "2385"]
[BlackElo "2228"]
[PlyCount "83"]
[EventDate "2023.??.??"]

1. Nf3 Nf6 2. d4 g6 3. g3 Bg7 4. Bg2 d5 5. c4 c6 6. Qb3 O-O 7. Nc3 dxc4 8. Qxc4 Bf5 9. Ng5 Nbd7 10. e4 Nb6 11. Qe2 Bg4 12. f3 Bc8 13. Be3 a5 14. O-O a4 15. Rfd1 h6 16. Nh3 g5 17. Nf2 Be6 18. f4 gxf4 19. gxf4 Bc4 20. Qf3 e6 21. Qh3 Nh7 22. Kh1 f5 23. Rg1 Kh8 24. e5 Nd5 25. Nxd5 Bxd5 26. Nd3 Rg8 27. Nb4 a3 28. b3 Qb6 29. Bxd5 cxd5 30. Nd3 Qb5 31. Nc5 Nf8 32. Rac1 Rc8 33. Qf1 Qb6 34. Bf2 Kh7 35. Qg2 Rc6 36. Rc3 Qc7 37. Rh3 Qf7 38. Nxb7 Ng6 39. Nd6 Rxd6 40. exd6 Nxf4 41. Rxh6+ Kxh6 42. Be3 1-0

[Event "SERBIA OPEN 2023 - MASTERS ?????? ???? 2"]
[Site "Belgrade, "]
[Date "2023.07.16"]
[Round "1.31"]
[White "Vatsal, Singhania"]
[Black "Putrenko, Kirill"]
[Result "1/2-1/2"]
[WhiteElo "2227"]
[BlackElo "2385"]
[PlyCount "101"]
[EventDate "2023.07.16"]

1. e4 c5 2. Nf3 d6 3. d4 cxd4 4. Nxd4 Nf6 5. Nc3 a6 6. Be2 e6 7. O-O Be7 8. Be3 O-O 9. f4 Nc6 10. a4 Qc7 11. Kh1 Nxd4 12. Qxd4 Bd7 13. e5 Ne8 14. Bd3 Bc6 15. Ne4 dxe5 16. fxe5 Rd8 17. Qc3 f5 18. exf6 Nxf6 19. Qc4 Qe5 20. Bf4 Qd5 21. Qxd5 Bxd5 22. Nc3 Bc6 23. Bg5 h6 24. Bh4 Rd4 25. Bg3 Nh5 26. Rxf8+ Bxf8 27. Re1 Nxg3+ 28. hxg3 Bd6 29. Rxe6 Bxg3 30. Kg1 Kf7 31. Re3 Bc7 32. Be4 Bb6 33. Kf1 g5 34. Bxc6 bxc6 35. Ke2 Rg4 36. Rf3+ Ke6 37. Rh3 Rxg2+ 38. Kd3 Kf5 39. Rxh6 Rg3+ 40. Kc4 Rg4+ 41. Kb3 a5 42. Rxc6 Rb4+ 43. Ka3 g4 44. Nd5 g3 45. Nxb4 axb4+ 46. Kb3 g2 47. Rxb6 g1=Q 48. Rxb4 Ke6 49. c3 Kd6 50. Ka2 Kc6 51. Rd4 1/2-1/2

[Event "SERBIA OPEN 2023 - MASTERS ?????? ???? 2"]
[Site "Belgrade, "]
[Date "2023.07.16"]
[Round "1.32"]
[White "Damjanovic, Vuk"]
[Black "Kurmangaliyeva, Liya"]
[Result "1/2-1/2"]
[WhiteElo "2376"]
[BlackElo "2225"]
[PlyCount "63"]
[EventDate "2023.07.16"]

1. d4 d5 2. Nf3 e6 3. c4 c6 4. Bg5 Be7 5. Bxe7 Qxe7 6. e3 Nf6 7. Nc3 O-O 8. Be2 Nbd7 9. cxd5 exd5 10. O-O Ne4 11. Nxe4 dxe4 12. Nd2 c5 13. Nb3 Rd8 14. Qc2 cxd4 15. Nxd4 Nb6 16. Rac1 Bd7 17. Qd2 Qg5 18. Kh1 Rac8 19. Rc2 Rxc2 20. Qxc2 Qd5 21. Qb1 Rc8 22. Bd1 Bb5 23. Bb3 Bc4 24. Rc1 Bxb3 25. axb3 h6 26. g3 Kh7 27. Kg2 Rxc1 28. Qxc1 Nd7 29. Qc4 Qxc4 30. bxc4 a5 31. b3 Nc5 32. g4 1/2-1/2

[Event "SERBIA OPEN 2023 - MASTERS ?????? ???? 2"]
[Site "Belgrade, "]
[Date "2023.07.16"]
[Round "1.33"]
[White "Harshad, S.."]
[Black "Drazic, Sinisa"]
[Result "1-0"]
[WhiteElo "2222"]
[BlackElo "2374"]
[PlyCount "73"]
[EventDate "2023.07.16"]

1. e4 Nf6 2. e5 Nd5 3. d4 d6 4. c4 Nb6 5. f4 g6 6. Nc3 Bg7 7. Be3 O-O 8. Nf3 c6 9. Bd3 Na6 10. O-O d5 11. c5 Nc4 12. Bc1 b6 13. b3 Na5 14. Be3 f6 15. Qd2 Nc7 16. Na4 Nb5 17. h4 Bf5 18. Bxf5 gxf5 19. Qd3 e6 20. g3 Rf7 21. Rac1 Qc7 22. Kh2 Nb7 23. Rf2 Nd8 24. Rg1 h5 25. exf6 Rxf6 26. Ne5 Rh6 27. Rc1 bxc5 28. Nxc5 Nd6 29. Rfc2 Ne4 30. Nxe4 fxe4 31. Qe2 Rc8 32. b4 Bf8 33. b5 Ba3 34. Rf1 Qb7 35. f5 cxb5 36. Rxc8 Qxc8 37. Bxh6 1-0

[Event "SERBIA OPEN 2023 - MASTERS ?????? ???? 2"]
[Site "Belgrade, "]
[Date "2023.07.16"]
[Round "1.34"]
[White "Uskov, Artem"]
[Black "Stankovic, Boris"]
[Result "1-0"]
[WhiteElo "2371"]
[BlackElo "2221"]
[PlyCount "97"]
[EventDate "2023.07.16"]

1. e4 c5 2. Nf3 e6 3. d4 cxd4 4. Nxd4 Nf6 5. Nc3 Nc6 6. Ndb5 Bb4 7. a3 Bxc3+ 8. Nxc3 d5 9. exd5 exd5 10. Bd3 O-O 11. O-O d4 12. Ne2 Re8 13. h3 Qd5 14. Nf4 Qd6 15. Nh5 g6 16. Bf4 Ne5 17. Ng3 Qd5 18. Re1 Nxd3 19. Qxd3 Bd7 20. c4 Qc5 21. b4 Bf5 22. Nxf5 Qxf5 23. Qxf5 gxf5 24. Be5 Ne4 25. Bxd4 Nd2 26. Rxe8+ Rxe8 27. Bxa7 Ra8 28. Bc5 Nb3 29. Rb1 Nxc5 30. bxc5 Rxa3 31. Rxb7 Ra1+ 32. Kh2 Ra4 33. c6 Rxc4 34. c7 Kg7 35. f4 Kf6 36. Kg3 Ke6 37. Kf3 Rc3+ 38. Ke2 h5 39. Kd2 Rc5 40. Rb6+ Kd7 41. Rf6 Kxc7 42. Rxf7+ Kd6 43. Rf6+ Ke7 44. Rh6 Ra5 45. Ke3 Ra2 46. Kf3 Ra3+ 47. Kf2 Ra4 48. Kg3 h4+ 49. Rxh4 1-0

[Event "SERBIA OPEN 2023 - MASTERS ?????? ???? 2"]
[Site "Belgrade, "]
[Date "2023.07.16"]
[Round "1.35"]
[White "Valiyev, Shahin"]
[Black "Shohat, Yotam"]
[Result "1/2-1/2"]
[WhiteElo "2220"]
[BlackElo "2363"]
[PlyCount "89"]
[EventDate "2023.07.16"]

1. e4 c5 2. Nf3 d6 3. d4 cxd4 4. Nxd4 Nf6 5. Nc3 g6 6. Be3 Nc6 7. f3 h5 8. Qd2 Nxd4 9. Bxd4 Bh6 10. Qf2 Qa5 11. Bc4 Be6 12. Bxe6 fxe6 13. a3 O-O 14. Qe2 e5 15. Bf2 Rac8 16. O-O a6 17. Rad1 Qc7 18. Kh1 Bg5 19. Be3 Bxe3 20. Qxe3 Kg7 21. Rf2 Qc5 22. Qxc5 Rxc5 23. Rdd2 h4 24. Nd1 b5 25. Ne3 a5 26. Kg1 Rb8 27. Rd3 Rbc8 28. Rdd2 Kf7 29. g3 Rh8 30. Kg2 Ke6 31. Rd1 Rb8 32. Rd3 hxg3 33. hxg3 b4 34. a4 Rbc8 35. b3 g5 36. g4 d5 37. exd5+ Nxd5 38. Nxd5 Rxd5 39. Rxd5 Kxd5 40. Rd2+ Ke6 41. Kf2 Rc3 42. Ke2 Kf6 43. Kd1 Ke6 44. Ke2 Kf6 45. Kd1 1/2-1/2

[Event "SERBIA OPEN 2023 - MASTERS ?????? ???? 2"]
[Site "Belgrade, "]
[Date "2023.07.16"]
[Round "1.36"]
[White "Efremov, Vladislav"]
[Black "Zhukov, Anton"]
[Result "1/2-1/2"]
[WhiteElo "2356"]
[BlackElo "2215"]
[PlyCount "67"]
[EventDate "2023.07.16"]

1. e4 e6 2. d4 d5 3. Nd2 Nf6 4. e5 Nfd7 5. Bd3 c5 6. c3 Nc6 7. Ne2 Qb6 8. Nf3 cxd4 9. cxd4 f5 10. exf6 Nxf6 11. O-O Bd6 12. Bf4 Bxf4 13. Nxf4 O-O 14. Qd2 Kh8 15. Ng5 Nxd4 16. Bxh7 Nxh7 17. Ng6+ Kg8 18. Ne7+ Kh8 19. Ng6+ Kg8 20. Nxh7 Re8 21. Qg5 Kxh7 22. Qh5+ Kg8 23. Qh8+ Kf7 24. Ne5+ Ke7 25. Qxg7+ Kd8 26. Nf7+ Ke7 27. Ne5+ Kd8 28. Nf7+ Kd7 29. Ne5+ Kd8 30. Rac1 Nc6 31. Nf7+ Kd7 32. Ne5+ Kd8 33. Nf7+ Kd7 34. Ne5+ 1/2-1/2

[Event "SERBIA OPEN 2023 - MASTERS ?????? ???? 2"]
[Site "Belgrade, "]
[Date "2023.07.16"]
[Round "1.37"]
[White "Ljepic, Andrej"]
[Black "Geivondian, Arman"]
[Result "0-1"]
[WhiteElo "2214"]
[BlackElo "2356"]
[PlyCount "148"]
[EventDate "2023.07.16"]

1. e4 e6 2. d4 d5 3. e5 c5 4. c3 Qb6 5. Nf3 Nc6 6. a3 c4 7. g3 Na5 8. Nbd2 Bd7 9. Bh3 Ne7 10. O-O h6 11. Ne1 Nb3 12. Nxb3 Ba4 13. f4 Bxb3 14. Qe2 g6 15. Ng2 O-O-O 16. Ne3 Kb8 17. Bg2 h5 18. h3 Nf5 19. Nxf5 exf5 20. Bf3 Be7 21. Be3 Ba4 22. Rf2 Qa5 23. g4 hxg4 24. hxg4 fxg4 25. Bxg4 Bd7 26. Bxd7 Rxd7 27. Rh2 Rdd8 28. Rf1 Qb6 29. Rff2 Qe6 30. Rxh8 Rxh8 31. Rh2 Rh3 32. Kg2 Rxh2+ 33. Kxh2 Kc7 34. Qf3 Kc6 35. Kg3 Qf5 36. Qg4 Kb5 37. Qf3 Kc6 38. Qg4 Qd3 39. Kf2 Qc2+ 40. Kg3 Qd3 41. Kf2 Qc2+ 42. Kg3 Qf5 43. Qd1 b5 44. Qg4 Kb6 45. Bf2 Ka5 46. Qf3 Qd3 47. Qxd3 cxd3 48. Kf3 Ka4 49. Ke3 Kb3 50. Kxd3 Kxb2 51. a4 bxa4 52. c4 dxc4+ 53. Kxc4 a3 54. d5 a5 55. Bb6 a4 56. d6 Bh4 57. Bd4+ Kc2 58. d7 a2 59. Kb4 Kd3 60. Bb2 Be7+ 61. Kxa4 Kc4 62. Ba1 Kc5 63. Kb3 Kc6 64. Kxa2 Kxd7 65. Kb3 Ke6 66. Kc4 Kf5 67. Kd5 Bb4 68. Bb2 Bd2 69. Bd4 Bxf4 70. Bc3 g5 71. Bd4 g4 72. Bc3 g3 73. Bb2 g2 74. Bd4 Bxe5 0-1

[Event "SERBIA OPEN 2023 - MASTERS ?????? ???? 2"]
[Site "Belgrade, "]
[Date "2023.07.16"]
[Round "1.38"]
[White "Giannoulakis, Lampros"]
[Black "Mijatovic, Dusan"]
[Result "1-0"]
[WhiteElo "2354"]
[BlackElo "2213"]
[PlyCount "97"]
[EventDate "2023.07.16"]

1. d4 Nf6 2. c4 e6 3. Nc3 Bb4 4. e3 O-O 5. Bd3 d5 6. Nf3 dxc4 7. Bxc4 c5 8. O-O cxd4 9. exd4 b6 10. Bg5 h6 11. Bh4 Bb7 12. Qe2 Nbd7 13. Rac1 Rc8 14. Bb3 Bxc3 15. bxc3 Qc7 16. c4 Qf4 17. Qe3 Nh5 18. Bd1 Bxf3 19. Qxf4 Nxf4 20. Bxf3 e5 21. Be7 Rfe8 22. Bd6 Re6 23. c5 bxc5 24. dxc5 f5 25. Rfd1 Nf6 26. Bb7 Rd8 27. Ba6 Kh7 28. g3 Nh3+ 29. Kg2 Ng5 30. Bc4 Ree8 31. Bb5 Re6 32. c6 Nf7 33. c7 Rh8 34. Bc4 Rxd6 35. Bxf7 Ne4 36. Rxd6 Nxd6 37. Be6 Nc8 38. Bxf5+ g6 39. Bxc8 Rxc8 40. Kf3 Kg7 41. Ke4 Kf6 42. Rc6+ Ke7 43. Rxg6 Kd7 44. Rg7+ Ke6 45. Rh7 Kd6 46. Rxh6+ Kxc7 47. Kxe5 Re8+ 48. Re6 Rb8 49. Re7+ 1-0

[Event "SERBIA OPEN 2023 - MASTERS ?????? ???? 2"]
[Site "Belgrade, "]
[Date "2023.07.16"]
[Round "1.39"]
[White "Akhmedov, David"]
[Black "Marn, Jan"]
[Result "1/2-1/2"]
[WhiteElo "2213"]
[BlackElo "2345"]
[PlyCount "145"]
[EventDate "2023.07.16"]

1. e4 e5 2. Nf3 Nc6 3. d4 exd4 4. Nxd4 Nf6 5. Nxc6 bxc6 6. e5 Qe7 7. Qe2 Nd5 8. h4 a5 9. c4 Nb6 10. Nd2 d6 11. exd6 cxd6 12. b3 d5 13. cxd5 Nxd5 14. Qxe7+ Bxe7 15. Bb2 O-O 16. Bc4 Nb4 17. O-O Bxh4 18. a3 Nd5 19. Nf3 Bd8 20. Ne5 Bb7 21. Rad1 Nb6 22. Nd7 Nxc4 23. bxc4 Re8 24. Rfe1 Rxe1+ 25. Rxe1 f6 26. Nc5 Rb8 27. Nxb7 Rxb7 28. Re8+ Kf7 29. Rxd8 Rxb2 30. Rc8 Ra2 31. Rxc6 Rxa3 32. Rc7+ Kg6 33. Ra7 a4 34. c5 Rc3 35. Rxa4 Rxc5 36. g3 h5 37. Kg2 Rc2 38. Rb4 Ra2 39. Rc4 Kh6 40. Rc6 Ra4 41. Kh3 Ra5 42. Rb6 Kg5 43. Rb4 Rf5 44. Kg2 Rd5 45. Kh3 g6 46. Kg2 Rf5 47. Ra4 Kh6 48. Rb4 g5 49. Rb8 Ra5 50. Rb4 Kg6 51. Rc4 Kf5 52. Rb4 Re5 53. f4 Re4 54. Rb5+ Kg4 55. fxg5 fxg5 56. Rb2 Ra4 57. Rc2 Ra5 58. Rb2 Kf5 59. Kh3 Re5 60. Rb4 Rd5 61. g4+ hxg4+ 62. Rxg4 Rd3+ 63. Rg3 g4+ 64. Kh2 Rd2+ 65. Rg2 Rd4 66. Ra2 Kg5 67. Kg2 Kh4 68. Rb2 Rd3 69. Ra2 Rg3+ 70. Kh2 Rf3 71. Kg2 Rg3+ 72. Kh2 Rf3 73. Kg2 1/2-1/2

[Event "SERBIA OPEN 2023 - MASTERS ?????? ???? 2"]
[Site "Belgrade, "]
[Date "2023.07.16"]
[Round "1.40"]
[White "Lopez Rayo, Santiago"]
[Black "Zakurdjaeva, Irina"]
[Result "1-0"]
[WhiteElo "2336"]
[BlackElo "2212"]
[PlyCount "65"]
[EventDate "2023.07.16"]

1. e4 e5 2. Nf3 Nc6 3. Bb5 a6 4. Ba4 Nf6 5. O-O b5 6. Bb3 Be7 7. Re1 d6 8. c3 O-O 9. h3 Na5 10. Bc2 c5 11. d4 Qc7 12. d5 Bd7 13. b3 Rfe8 14. Nbd2 g6 15. Nf1 Nh5 16. Be3 c4 17. b4 Nb7 18. a4 a5 19. axb5 axb4 20. b6 Qc8 21. cxb4 Nf4 22. Ra7 Rb8 23. Bxf4 exf4 24. Qa1 Bb5 25. Nd4 Bd7 26. Nc6 Bxh3 27. Bd1 Bh4 28. Nh2 Bd7 29. Nxb8 Qxb8 30. Ng4 Bxg4 31. Bxg4 Nd8 32. Qa6 f5 33. Ra8 1-0

[Event "SERBIA OPEN 2023 - MASTERS ?????? ???? 2"]
[Site "Belgrade, "]
[Date "2023.07.16"]
[Round "1.41"]
[White "Pogorelskikh, Sofia"]
[Black "Todorovic, Goran M"]
[Result "1/2-1/2"]
[WhiteElo "2211"]
[BlackElo "2333"]
[PlyCount "78"]
[EventDate "2023.07.16"]

1. e4 e5 2. Nf3 Nc6 3. Bb5 a6 4. Ba4 Nf6 5. O-O Nxe4 6. d4 b5 7. Bb3 d5 8. dxe5 Be6 9. Nbd2 Nc5 10. c3 d4 11. cxd4 Nxd4 12. Nxd4 Qxd4 13. Bxe6 Nxe6 14. Nf3 Qxd1 15. Rxd1 Bc5 16. Kf1 Ke7 17. Ke2 Rhd8 18. Be3 Bxe3 19. Kxe3 c5 20. b3 Rac8 21. Rxd8 Rxd8 22. a4 Nd4 23. Nxd4 Rxd4 24. axb5 axb5 25. Ra7+ Ke6 26. Rc7 Kd5 27. Rxf7 Rb4 28. Rd7+ Kxe5 29. f4+ Rxf4 30. Re7+ Kd6 31. Kxf4 Kxe7 32. Ke5 Kd7 33. Kd5 c4 34. bxc4 b4 35. Kd4 Kc6 36. Ke4 Kc5 37. Kd3 h6 38. h3 h5 39. h4 b3 1/2-1/2

[Event "SERBIA OPEN 2023 - MASTERS ?????? ???? 2"]
[Site "Belgrade, "]
[Date "2023.07.16"]
[Round "1.42"]
[White "Shahil, Dey"]
[Black "Ravic, Nenad"]
[Result "1-0"]
[WhiteElo "2333"]
[BlackElo "2210"]
[PlyCount "113"]
[EventDate "2023.07.16"]

1. e4 c5 2. Nc3 d6 3. Nge2 Nf6 4. g3 e5 5. Bg2 g6 6. d3 Bg7 7. h3 h6 8. Be3 O-O 9. Qd2 Kh7 10. g4 Ng8 11. f4 exf4 12. Nxf4 Nc6 13. O-O Bd4 14. Ncd5 Bxe3+ 15. Qxe3 Qg5 16. Rf2 Nge7 17. Nc7 Rb8 18. Raf1 Kg8 19. c3 b5 20. Qf3 Ne5 21. Qe2 Bd7 22. d4 cxd4 23. cxd4 N5c6 24. Qd1 Kg7 25. d5 Ne5 26. Qd4 a5 27. Qa7 a4 28. b3 axb3 29. axb3 Kg8 30. Qa6 Rfd8 31. Qxd6 Bxg4 32. Qb4 Bd7 33. Na6 Rb6 34. Nc5 Rf6 35. Nxd7 Rxd7 36. Qxb5 Rfd6 37. Qc5 Rd8 38. Qc3 Nd7 39. Nd3 Qe3 40. Qc7 Qb6 41. Qxb6 Rxb6 42. Rxf7 Nf5 43. Rxd7 Rxd7 44. exf5 gxf5 45. b4 Rg7 46. Kf2 Ra6 47. Rb1 Ra3 48. Nf4 Rc7 49. b5 Rc4 50. Ne2 Rc2 51. d6 Kf8 52. b6 Raa2 53. Bf3 Rab2 54. Rxb2 Rxb2 55. b7 Kf7 56. Bd5+ Ke8 57. Bc6+ 1-0

[Event "SERBIA OPEN 2023 - MASTERS ?????? ???? 2"]
[Site "Belgrade, "]
[Date "2023.07.16"]
[Round "1.43"]
[White "Aakash Sharadchandra, Dalvi"]
[Black "Mateus, Alejandro"]
[Result "1-0"]
[WhiteElo "2210"]
[BlackElo "2331"]
[PlyCount "97"]
[EventDate "2023.07.16"]

1. d4 d5 2. c4 c6 3. Nf3 Nf6 4. Nc3 e6 5. Bg5 dxc4 6. e4 b5 7. e5 h6 8. Bh4 g5 9. Nxg5 hxg5 10. Bxg5 Nbd7 11. exf6 Bb7 12. g3 c5 13. d5 Nxf6 14. Bg2 Be7 15. O-O Nxd5 16. Bxe7 Kxe7 17. Nxb5 Qb6 18. Na3 Rh4 19. Rc1 Nf4 20. Nxc4 Qc7 21. Bxb7 Nh3+ 22. Kg2 Qxb7+ 23. f3 Rd8 24. Qb3 Qxb3 25. axb3 Rh6 26. f4 f6 27. Ra1 Rd7 28. Rfd1 Rxd1 29. Rxd1 e5 30. fxe5 fxe5 31. Re1 Ng5 32. Rxe5+ Ne6 33. h4 Kf6 34. Kh3 Rh8 35. g4 Rd8 36. g5+ Kf7 37. Re3 Rd1 38. Ne5+ Kg7 39. Nf3 Nd4 40. Kg4 Nxf3 41. Rxf3 Rd2 42. h5 Rxb2 43. h6+ Kg6 44. Rf6+ Kh7 45. Rf7+ Kg8 46. g6 Rg2+ 47. Kf5 Rf2+ 48. Ke6 Re2+ 49. Kd7 1-0

[Event "SERBIA OPEN 2023 - MASTERS ?????? ???? 2"]
[Site "Belgrade, "]
[Date "2023.07.16"]
[Round "1.44"]
[White "Kalogridis, Antonios"]
[Black "Chubakov, Sultan"]
[Result "1/2-1/2"]
[WhiteElo "2328"]
[BlackElo "2205"]
[PlyCount "106"]
[EventDate "2023.07.16"]

1. d4 d5 2. c4 c6 3. Nf3 Nf6 4. Nc3 dxc4 5. a4 Bf5 6. Ne5 Nbd7 7. Nxc4 Nb6 8. Ne3 e6 9. Nxf5 exf5 10. g3 a5 11. Bh3 g6 12. O-O Bg7 13. Bg2 O-O 14. Bg5 Qd7 15. Bxf6 Bxf6 16. e3 Qe6 17. Ne2 Nd5 18. Bxd5 Qxd5 19. Nf4 Qd6 20. Nd3 h5 21. h4 Rfe8 22. Qc1 Rad8 23. Qc5 Qc7 24. Kg2 Be7 25. Qc3 Bd6 26. Rac1 Rd7 27. Rfe1 Rde7 28. Qd2 Re4 29. Nc5 Rg4 30. f4 g5 31. hxg5 h4 32. Nd3 Rxg3+ 33. Kf2 Bb4 34. Nxb4 axb4 35. Rc5 Re4 36. Rh1 b6 37. Re5 Rgxe3 38. Qxe3 Rxe3 39. Kxe3 c5 40. dxc5 bxc5 41. Re8+ Kg7 42. Rxh4 Qd7 43. Rhh8 Qd4+ 44. Kf3 Qd1+ 45. Kf2 Qd4+ 46. Kg2 Qxb2+ 47. Kh3 Qb3+ 48. Kh4 f6 49. a5 fxg5+ 50. Kxg5 Qd5 51. Rhg8+ Kf7 52. Ref8+ Ke7 53. Re8+ Kf7 1/2-1/2

[Event "SERBIA OPEN 2023 - MASTERS ?????? ???? 2"]
[Site "Belgrade, "]
[Date "2023.07.16"]
[Round "1.45"]
[White "Radojicic, Aleksandar M"]
[Black "Stefanou, Dimitrios"]
[Result "0-1"]
[WhiteElo "2203"]
[BlackElo "2327"]
[PlyCount "74"]
[EventDate "2023.07.16"]

1. d4 Nf6 2. Nc3 d5 3. Bf4 a6 4. e3 h6 5. h4 c5 6. Nf3 Nc6 7. Ne5 e6 8. Nxc6 bxc6 9. Na4 cxd4 10. exd4 Bd6 11. Bxd6 Qxd6 12. c3 O-O 13. Be2 Nd7 14. O-O a5 15. Re1 Ba6 16. Bxa6 Rxa6 17. Re3 Rc8 18. Qg4 c5 19. Rg3 g6 20. Nxc5 Nxc5 21. dxc5 Rxc5 22. Rd1 Kg7 23. Re3 Rac6 24. Qd4+ Kg8 25. Qf6 Qf8 26. h5 g5 27. Rf3 Qg7 28. Qd8+ Kh7 29. Rd4 Rc7 30. Ra4 Rb7 31. Rxa5 Rxa5 32. Qxa5 Rxb2 33. Qc7 f5 34. Qd6 Qf7 35. g4 Rxa2 36. Rd3 fxg4 37. f3 gxf3 0-1

[Event "SERBIA OPEN 2023 - MASTERS ?????? ???? 2"]
[Site "Belgrade, "]
[Date "2023.07.16"]
[Round "1.46"]
[White "Veljanoski, Andrej"]
[Black "Masic, Predrag"]
[Result "1/2-1/2"]
[WhiteElo "2327"]
[BlackElo "2196"]
[PlyCount "71"]
[EventDate "2023.07.16"]

1. e4 Nc6 2. d4 d6 3. f4 Nf6 4. Nc3 e5 5. Nf3 exd4 6. Nxd4 g6 7. Bb5 Bd7 8. Bxc6 Bxc6 9. Nxc6 bxc6 10. Qf3 Bg7 11. e5 Nd5 12. O-O dxe5 13. f5 gxf5 14. Qxf5 O-O 15. Ne4 Qc8 16. c4 Qxf5 17. Rxf5 Ne7 18. Nf6+ Bxf6 19. Rxf6 Kg7 20. Bg5 h6 21. Rxh6 f6 22. Be3 Nf5 23. Rh3 Rab8 24. Bc5 Rf7 25. Rf1 Nd6 26. Rg3+ Kf8 27. Rb3 Rd8 28. Rd1 Ke8 29. Rh3 a6 30. Rh8+ Rf8 31. Rh7 Rf7 32. Rh8+ Rf8 33. Rh6 Ke7 34. g4 Rh8 35. Rxh8 Rxh8 36. Kg2 1/2-1/2

[Event "SERBIA OPEN 2023 - MASTERS ?????? ???? 2"]
[Site "Belgrade, "]
[Date "2023.07.16"]
[Round "1.47"]
[White "Pogorelskikh, Sergey"]
[Black "Jocev, Milan"]
[Result "1-0"]
[WhiteElo "2196"]
[BlackElo "2321"]
[PlyCount "123"]
[EventDate "2023.07.16"]

1. e4 e5 2. Nf3 Nc6 3. Bb5 a6 4. Ba4 Nf6 5. O-O Be7 6. Re1 b5 7. Bb3 O-O 8. a4 d5 9. axb5 dxe4 10. bxc6 exf3 11. g3 e4 12. d3 Bc5 13. Be3 Bxe3 14. Rxe3 Bf5 15. Re1 Qc8 16. dxe4 Bxe4 17. Rxe4 Nxe4 18. Qxf3 Ng5 19. Qd5 Nh3+ 20. Kf1 Kh8 21. Qd7 Ng5 22. Qxc8 Rfxc8 23. Nc3 Ne6 24. Ne4 Rd8 25. Bxe6 fxe6 26. Ra4 Kg8 27. Ke2 Rab8 28. b3 Rb6 29. Rc4 Rd5 30. h4 h6 31. g4 Kf7 32. f3 Ke7 33. h5 a5 34. Ra4 Rb4 35. Ra3 Rdb5 36. Kd3 e5 37. Ke3 a4 38. bxa4 Ra5 39. Rd3 Rd4 40. Rxd4 exd4+ 41. Kxd4 Rxa4+ 42. Kd5 Ra5+ 43. Kd4 Ra3 44. c3 Ra6 45. Kd5 Ra4 46. Ke5 Ra3 47. Kd5 Ra8 48. c4 Rd8+ 49. Ke5 Rd3 50. f4 Kf7 51. f5 Ke7 52. c5 Rf3 53. g5 Rh3 54. g6 Rf3 55. Nd2 Rh3 56. Ne4 Rf3 57. f6+ gxf6+ 58. Nxf6 Re3+ 59. Kf4 Re6 60. g7 Rxf6+ 61. Ke5 Re6+ 62. Kd5 1-0

[Event "SERBIA OPEN 2023 - MASTERS ?????? ???? 2"]
[Site "Belgrade, "]
[Date "2023.07.16"]
[Round "1.48"]
[White "Raahul, V S."]
[Black "Fuentes Godoy, Lilia Ivonne"]
[Result "1-0"]
[WhiteElo "2319"]
[BlackElo "2196"]
[PlyCount "81"]
[EventDate "2023.07.16"]

1. c4 e6 2. Nc3 d5 3. d4 Nf6 4. cxd5 exd5 5. Bg5 c6 6. e3 h6 7. Bh4 Be7 8. Qc2 O-O 9. Bd3 Re8 10. Nge2 Nbd7 11. f3 a5 12. O-O b5 13. Rae1 Ba6 14. Nc1 Qb6 15. Bf2 c5 16. e4 c4 17. Be2 Qb7 18. e5 Nh7 19. f4 b4 20. Nd1 Nb6 21. Bh5 Bf8 22. Ne2 a4 23. Be3 b3 24. Qb1 bxa2 25. Qxa2 Qc6 26. f5 g6 27. Bg4 Bc8 28. Qb1 gxf5 29. Bxf5 Bxf5 30. Rxf5 a3 31. bxa3 Reb8 32. Ref1 Rb7 33. R5f3 Bg7 34. Rg3 Nd7 35. Qc1 Ra6 36. Nf4 Ng5 37. Nh5 Rb3 38. Nxg7 Kxg7 39. h4 Nf8 40. hxg5 h5 41. g6 1-0

[Event "SERBIA OPEN 2023 - MASTERS ?????? ???? 2"]
[Site "Belgrade, "]
[Date "2023.07.16"]
[Round "1.49"]
[White "Mehmed, Elif"]
[Black "Campos Gomez, Manuel"]
[Result "0-1"]
[WhiteElo "2196"]
[BlackElo "2316"]
[PlyCount "62"]
[EventDate "2023.07.16"]

1. e4 Nf6 2. e5 Nd5 3. d4 d6 4. Nf3 dxe5 5. Nxe5 c6 6. Qf3 Be6 7. c3 Nd7 8. Nd3 g6 9. Be2 Bg7 10. Be3 O-O 11. Nd2 Bf5 12. Qg3 Re8 13. Nc4 c5 14. Nde5 cxd4 15. Bxd4 Nxe5 16. Bxe5 f6 17. Bd4 e5 18. Bc5 Qc7 19. Ba3 Nf4 20. Nd6 Nxe2 21. Nxe8 Rxe8 22. Kxe2 Qc4+ 23. Ke1 Rd8 24. Qe3 Rd3 25. Qe2 Bg4 26. f3 Bh6 27. Bc5 Bd2+ 28. Kf1 Rxf3+ 29. gxf3 Bh3+ 30. Kf2 Qh4+ 31. Kg1 Qg5+ 0-1